000 00677nam a2200241Ia 4500
003 OSt
005 20220926002544.0
006 a|||||r|||| 00| 0
007 ta
008 220923b |||||||| |||| 00| 0 eng d
037 _cGeneral Book
040 _aRTL
_cRTL
_beng
041 _2eng
_aeng
082 _aU.277.N6, K9
100 _aBarkataki S
_9106009
245 0 _aAssam
260 _a New Delhi
_bNational Book Trust India
_c1969
300 _axii, 161p.Bib p. 148-56 Appendix p.141-47
_ccm.
490 _aIndia The land and people
650 _aIndian Geography
942 _hU.277.N6, K9
_cGB
_2CC
999 _c605397
_d605397